History Quiz

Random History or Politics Quiz
Score 0/32 Timer 10:00
1 Play Today
Years in Office Senator Name % Correct
1963 - 2009Edward M. Kennedy
83.6%
1955 - 2002Strom Thurmond
67.9%
1959 - 2010Robert C. Byrd
65.9%
1985 - presentMitch McConnell
51.8%
1973 - 2009Joseph R. Biden, Jr.
41.7%
1977 - 2019Orrin G. Hatch
36.7%
1963 - 2012Daniel K. Inouye
35.7%
1969 - 2008Ted Stevens
33.5%
1969 - 1996Robert Dole
33%
1975 - presentPatrick J. Leahy
27.2%
1987 - presentRichard Shelby
25.6%
1973 - 2002Jesse Helms
22.1%
1981 - 2010Arlen Specter
21.6%
1981 - presentCharles E. Grassley
21.6%
1953 - 1983Henry M. Jackson
19.7%
1977 - 2013Richard G. Lugar
19.1%
Years in Office Senator Name % Correct
1979 - 2015Carl Levin
18.1%
1979 - 2018Thad Cochran
15.7%
1967 - 2004Ernest F. Hollings
14.2%
1949 - 1986Russell B. Long
13.3%
1947 - 1988John C. Stennis
13%
1979 - 2008John Warner
12.8%
1973 - 2008Pete V. Domenici
12.5%
1978 - 2014Max Baucus
11.8%
1961 - 1996Claiborne Pell
11.3%
1973 - 1996Sam Nunn
9.9%
1969 - 1995Bob Packwood
7.9%
1977 - 2006Paul S. Sarbanes
7.6%
1971 - 2000William V. Roth
7.4%
1957 - 1988William Proxmire
6.8%
1967 - 1996Mark O. Hatfield
6.6%
1960 - 1992Quentin N. Burdick
5.5%
Remove Ads.
Support Sporcle.
Get the best of Sporcle when you Go Orange. This ad-free experience offers more features, more stats, and more fun while also helping to support Sporcle. Thank you for becoming a member.

You're not logged in!

Compare scores with friends on all Sporcle quizzes.
OR
Log In

Sporcle TV

Today on Sporcle TV


Watch our educational content, quiz creation guides, and fun videos on Sporcle TV.

Show Comments

Extras

Top Quizzes Today


Score Distribution

Paid Content

Your Account Isn't Verified!

In order to create a playlist on Sporcle, you need to verify the email address you used during registration. Go to your Sporcle Settings to finish the process.

Report this User

Report this user for behavior that violates our Community Guidelines.

Details: